On being in charge

Salvato in:
Dettagli Bibliografici
Autore principale: OMS
Natura: Libro
Lingua:Undetermined
Pubblicazione: Geneva OMS 1992
Soggetti:
Tags: Aggiungi Tag
Nessun Tag, puoi essere il primo ad aggiungerne! !
Thư viện lưu trữ: Trung tâm Học liệu Trường Đại học Cần Thơ
LEADER 00447nam a2200181Ia 4500
001 CTU_7066
008 210402s9999 xx 000 0 und d
082 |a 610.6 
082 |b M167 
100 |a OMS 
245 0 |a On being in charge 
245 0 |c OMS 
260 |a Geneva 
260 |b OMS 
260 |c 1992 
650 |a medical policy 
904 |i Nguyễn Quang Điền, 960831 
980 |a Trung tâm Học liệu Trường Đại học Cần Thơ